[Event "Polanica Zdroj op-B 56th"]
[Site "Polanica Zdroj"]
[Date "2020.08.15"]
[Round "1"]
[White "Kulik, Waldemar"]
[Black "Solek, Zenon"]
[Result "0-1"]
[WhiteElo "1393"]
[BlackElo "1801"]
[PlyCount "80"]
[EventDate "2020.08.15"]
[EventType "swiss"]
[EventRounds "9"]
[EventCountry "POL"]
[SourceTitle "CBM 198 Extra"]
[Source "ChessBase"]
[SourceDate "2020.11.30"]
[SourceVersion "1"]
[SourceVersionDate "2020.11.30"]
[SourceQuality "1"]

1. d4 Nf6 2. c4 c5 3. Nc3 cxd4 4. Qxd4 Nc6 5. Qd1 g6 6. Nf3 Bg7 7. g3 0-0 8. Bg2 a6 9. 0-0 d6 10. Re1 Re8 11. e3 Bd7 12. Nd4 Qc8 13. Na4 Qc7 14. b3 Ne5 15. Nc3 Rab8 16. a4 Bg4 17. f3 Bc8 18. e4 Nfd7 19. Ba3 Nc5 20. Nd5 Qd8 21. Rb1 Ned3 22. Re3 Bxd4 23. Bxc5 Bxc5 24. Qxd3 e6 25. b4 Ba7 26. Nf4 Qb6 27. Kf2 Bd7 28. a5 Qxe3+ 29. Qxe3 Bxe3+ 30. Kxe3 Rbc8 31. Bf1 Rc7 32. Bd3 Rec8 33. Rc1 Bb5 34. c5 dxc5 35. Bxb5 axb5 36. Nd3 cxb4 37. Rxc7 Rxc7 38. Nxb4 Rc4 39. a6 bxa6 40. Nxa6 b4 0-1